[Event "XIV American Continental"]
[Site "Sao Paulo BRA"]
[Date "2019.07.07"]
[Round "3.91"]
[White "Dos Santos, Matheus Garcett Souza"]
[Black "Passos Coutinho, Eduardo"]
[Result "1-0"]
[WhiteElo "1874"]
[BlackElo "1728"]
[EventDate "2019.07.05"]
[PlyCount "75"]
[EventRounds "11"]
[EventCountry "BRA"]

1.e4 c6 2.d4 d5 3.exd5 cxd5 4.c4 Nf6 5.Nc3 e6 6.Nf3 Be7 7.Bd3 dxc4 8.Bxc4 
O-O 9.O-O Nbd7 10.Re1 Nb6 11.Bd3 Nbd5 12.a3 h6 13.Bc2 Nxc3 14.bxc3 Qd5 15.
Ne5 Rd8 16.Qd3 Bd6 17.Qg3 Kf8 18.Qh4 Bxe5 19.Rxe5 Qc4 20.Bd2 Rd5 21.Rxd5 
exd5 22.Bxh6 gxh6 23.Qxf6 Qxc3 24.Qh8+ Ke7 25.Rd1 Bg4 26.Qxa8 Bxd1 27.
Qxb7+ Kf8 28.Qb8+ Kg7 29.Qe5+ Kf8 30.Bxd1 Qxa3 31.Qxd5 Qa1 32.Qd6+ Kg7 33.
Qg3+ Kf8 34.Qd3 a5 35.g3 a4 36.Kg2 a3 37.Bb3 Qb2 38.Qc4 1-0

[Event "XIV American Continental"]
[Site "Sao Paulo BRA"]
[Date "2019.07.07"]
[Round "3.92"]
[White "De Freitas, Jose Renato Silva"]
[Black "Mesquita, Arnaldo Leite"]
[Result "0-1"]
[WhiteElo "1873"]
[BlackElo "1703"]
[EventDate "2019.07.05"]
[PlyCount "146"]
[EventRounds "11"]
[EventCountry "BRA"]

1.d4 Nf6 2.c4 g6 3.Nc3 d5 4.Nf3 Bg7 5.Qb3 dxc4 6.Qxc4 O-O 7.e4 c6 8.Be3 
Nbd7 9.Be2 Nb6 10.Qd3 Ng4 11.Bf4 Be6 12.O-O Bc4 13.Qc2 Bxe2 14.Qxe2 f6 15.
Rad1 Qe8 16.h3 Nh6 17.d5 e5 18.dxe6 Qxe6 19.Rd6 Qc4 20.Qxc4+ Nxc4 21.Rd7 
Rf7 22.Rfd1 Nb6 23.R7d6 Re8 24.g4 Nc4 25.Bc1 Rfe7 26.Rd7 Nf7 27.Kg2 b5 28.
Rxe7 Rxe7 29.Nd4 Rc7 30.Ne6 Rc8 31.Nxg7 Kxg7 32.b3 Nb6 33.Bb2 Kf8 34.f4 
Rd8 35.Rxd8+ Nxd8 36.Ne2 Kf7 37.Kf3 c5 38.Nc3 a6 39.Nd5 Nxd5 40.exd5 Nb7 
41.f5 Nd6 42.Kf4 g5+ 43.Ke3 Ke7 44.Ba3 Nb7 45.Ke4 Nd6+ 46.Kd3 Nb7 47.Bb2 
Nd6 48.a3 c4+ 49.bxc4 Nxc4 50.Bc1 Kd6 51.Ke4 Nb6 52.h4 h6 53.hxg5 hxg5 54.
Bb2 Nxd5 55.Bd4 a5 56.Kd3 Kc6 57.Kc2 b4 58.axb4 axb4 59.Kb3 Kb5 60.Bf2 Nc3
61.Bd4 Ne4 62.Bb2 Nc5+ 63.Kc2 Nd7 64.Kd3 Kc5 65.Ke4 b3 66.Ba1 Kd6 67.Bb2 
Ne5 68.Kd4 Nxg4 69.Kc4 Ne5+ 70.Kxb3 g4 71.Bd4 Kd5 72.Kc3 Ke4 73.Bxe5 Kxe5 
0-1

[Event "XIV American Continental"]
[Site "Sao Paulo BRA"]
[Date "2019.07.07"]
[Round "3.93"]
[White "Nobre, Jailson Altair Barbosa"]
[Black "Torres, Eduardo Lisboa"]
[Result "1/2-1/2"]
[WhiteElo "1692"]
[BlackElo "1872"]
[EventDate "2019.07.05"]
[PlyCount "69"]
[EventRounds "11"]
[EventCountry "BRA"]

1.e4 c5 2.Nf3 Nc6 3.d3 g6 4.g3 Bg7 5.Bg2 d6 6.h3 h6 7.O-O Nf6 8.Nc3 e5 9.
Ne1 g5 10.f4 exf4 11.gxf4 gxf4 12.Bxf4 Be6 13.Nb5 Ne5 14.d4 cxd4 15.Qxd4 
O-O 16.Qxd6 Nc4 17.Qxd8 Raxd8 18.Nd3 Nh5 19.Bh2 Ne3 20.Rf3 Nxc2 21.Rc1 Nd4
22.Nxd4 Bxd4+ 23.Nf2 Bxa2 24.b4 b5 25.Rf5 Ng7 26.Rxb5 Rc8 27.Rd1 Rfd8 28.
Bf3 Rc2 29.Rxd4 Rxd4 30.Rb8+ Kh7 31.Bf4 Ne6 32.Be5 Rdd2 33.Rh8+ Kg6 34.
Rg8+ Kh7 35.Rh8+ 1/2-1/2

[Event "XIV American Continental"]
[Site "Sao Paulo BRA"]
[Date "2019.07.07"]
[Round "3.94"]
[White "Haraguchi, Diego Sashaki"]
[Black "Cabral, Denrick"]
[Result "1/2-1/2"]
[WhiteElo "1634"]
[BlackElo "1863"]
[EventDate "2019.07.05"]
[PlyCount "111"]
[EventRounds "11"]
[EventCountry "BRA"]

1.d4 Nf6 2.c4 g6 3.Nf3 Bg7 4.Nc3 d5 5.Bg5 Ne4 6.Bf4 Nxc3 7.bxc3 c5 8.e3 
O-O 9.cxd5 Qxd5 10.Bd3 Nc6 11.Qb3 Qh5 12.O-O e5 13.Nxe5 Nxe5 14.Bxe5 Bxe5 
15.dxe5 Qxe5 16.Bc4 Rb8 17.a4 Bd7 18.Rfd1 Bc6 19.Bd5 Qc7 20.Rd2 b5 21.Bxc6
Qxc6 22.axb5 Rxb5 23.Qd1 Rfb8 24.Rd8+ Rxd8 25.Qxd8+ Kg7 26.h3 Qb6 27.Qe7 
a5 28.Qe5+ Qf6 29.Qxf6+ Kxf6 30.c4 Rb4 31.Rxa5 Rxc4 32.f3 Rc2 33.Ra8 h5 
34.h4 c4 35.Rd8 c3 36.Rd3 Ke5 37.Kf1 f6 38.Ke1 Rc1+ 39.Ke2 g5 40.g3 c2 41.
Kd2 Rg1 42.Kxc2 Rxg3 43.hxg5 fxg5 44.f4+ gxf4 45.exf4+ Kxf4 46.Rd4+ Kf3 
47.Kd2 Rg4 48.Rd8 h4 49.Rf8+ Kg2 50.Ke3 h3 51.Rf2+ Kg3 52.Rf3+ Kh4 53.Kf2 
h2 54.Rf4 h1=N+ 55.Kf3 Rxf4+ 56.Kxf4 1/2-1/2

[Event "XIV American Continental"]
[Site "Sao Paulo BRA"]
[Date "2019.07.07"]
[Round "3.95"]
[White "Ferreira, Jose Carlos"]
[Black "Do Prado, Hamilton Mesquita"]
[Result "0-1"]
[WhiteElo "1835"]
[BlackElo "1675"]
[EventDate "2019.07.05"]
[PlyCount "68"]
[EventRounds "11"]
[EventCountry "BRA"]

1.d4 d6 2.Nf3 Nf6 3.b3 Nbd7 4.Bb2 c6 5.Nbd2 Qc7 6.e4 e5 7.Bd3 Be7 8.O-O a6
9.dxe5 Nxe5 10.Nxe5 dxe5 11.Nc4 Nd7 12.f4 Bf6 13.fxe5 Nxe5 14.Nxe5 Bxe5 
15.Bxe5 Qxe5 16.Qe1 Be6 17.Qb4 b5 18.Qa3 a5 19.Rae1 b4 20.Qc1 O-O 21.Re3 
c5 22.Kh1 Rac8 23.Rg3 f6 24.Ba6 Rc7 25.c3 c4 26.bxc4 Bxc4 27.Rf5 Qxe4 28.
Rf4 Qe6 29.Bxc4 Rxc4 30.Re3 Rxc3 31.Rxc3 bxc3 32.Rf3 Rc8 33.h3 c2 34.Rf2 
Qxa2 0-1

[Event "XIV American Continental"]
[Site "Sao Paulo BRA"]
[Date "2019.07.07"]
[Round "3.96"]
[White "Dabraccio, Guillermo"]
[Black "Pascheto, Ademir Heleno"]
[Result "1/2-1/2"]
[WhiteElo "1611"]
[BlackElo "1827"]
[EventDate "2019.07.05"]
[PlyCount "106"]
[EventRounds "11"]
[EventCountry "BRA"]

1.d4 Nf6 2.c4 c5 3.Nf3 cxd4 4.Nxd4 Nc6 5.Nc3 g6 6.g3 Bg7 7.Nxc6 bxc6 8.Bg2
O-O 9.e4 Qc7 10.O-O d6 11.Be3 Ng4 12.Bd4 e5 13.Be3 Nxe3 14.fxe3 Be6 15.b3 
Rad8 16.Rc1 h5 17.h3 Qe7 18.Kh2 Qg5 19.Qf3 Bh6 20.Rce1 Rd7 21.Qf6 Qxf6 22.
Rxf6 Rfd8 23.h4 Bg7 24.Rf2 Bg4 25.Bh3 Bxh3 26.Kxh3 f6 27.Rd1 Kf7 28.g4 
hxg4+ 29.Kxg4 Rh8 30.Rfd2 Ke6 31.Rf2 Bh6 32.Rf3 f5+ 33.Kh3 Rf7 34.Rdf1 
Rhf8 35.exf5+ Rxf5 36.Rxf5 Rxf5 37.Re1 Rf3+ 38.Kg2 Rxe3 39.Rxe3 Bxe3 40.
Kf3 Bd2 41.Ne4 Bc1 42.b4 a6 43.a4 Ba3 44.b5 cxb5 45.cxb5 axb5 46.axb5 d5 
47.Nc3 Kd6 48.b6 Bb2 49.b7 Kc7 50.Nxd5+ Kxb7 51.Ne7 Kc7 52.Nxg6 Kd6 53.Ke4
Ke6 1/2-1/2

[Event "XIV American Continental"]
[Site "Sao Paulo BRA"]
[Date "2019.07.07"]
[Round "3.97"]
[White "Melo, Igor de Souza"]
[Black "Olivo, Anibal Ribeiro"]
[Result "1-0"]
[WhiteElo "1825"]
[BlackElo "1649"]
[EventDate "2019.07.05"]
[PlyCount "62"]
[EventRounds "11"]
[EventCountry "BRA"]

1.e4 e5 2.Nf3 Nc6 3.d4 exd4 4.Bc4 Nf6 5.e5 d5 6.Bb5 Ne4 7.Nxd4 Bd7 8.Bxc6 
bxc6 9.O-O Bc5 10.f3 Ng5 11.Be3 O-O 12.f4 Ne4 13.Nd2 Nxd2 14.Qxd2 Bb6 15.
Bf2 c5 16.Nf3 Bg4 17.Bh4 Qd7 18.h3 Bf5 19.g4 Bxg4 20.hxg4 c4+ 21.Kh1 Qxg4 
22.Qg2 Qxf4 23.Bg5 Qf5 24.Nh4 Qxe5 25.Rae1 Qd6 26.Bf6 g6 27.Nf5 Qxf6 28.
Nh6+ Kg7 29.Rxf6 Kxh6 30.Qxd5 Kg7 31.Ref1 Rad8 1-0

[Event "XIV American Continental"]
[Site "Sao Paulo BRA"]
[Date "2019.07.07"]
[Round "3.98"]
[White "Nobre, Jose Adalberto Barbosa"]
[Black "Lo Kim Lin, Frank"]
[Result "0-1"]
[WhiteElo "1577"]
[BlackElo "1823"]
[EventDate "2019.07.05"]
[PlyCount "74"]
[EventRounds "11"]
[EventCountry "BRA"]

1.e4 e5 2.Nf3 Nc6 3.d4 exd4 4.Bc4 Be7 5.c3 d6 6.cxd4 Nf6 7.Nc3 Bg4 8.h3 
Bh5 9.g4 Bg6 10.Qe2 O-O 11.Nh4 Nxd4 12.Qd3 Ne6 13.Nxg6 hxg6 14.Be3 Nc5 15.
Qc2 c6 16.O-O-O Nfd7 17.f4 b5 18.Bd3 Qa5 19.Nb1 Qxa2 20.Kd2 Nxd3 21.Kxd3 
Nc5+ 22.Ke2 Qe6 23.e5 Na4 24.b3 dxe5 25.f5 gxf5 26.gxf5 Qf6 27.bxa4 Qh4 
28.axb5 cxb5 29.Kf3 Qh5+ 30.Kg3 Bh4+ 31.Kg2 Rac8 32.Nc3 b4 33.Qe2 Qxf5 34.
Nd5 Qe4+ 35.Qf3 Rc2+ 36.Rd2 Rxd2+ 37.Bxd2 Qc2 0-1

[Event "XIV American Continental"]
[Site "Sao Paulo BRA"]
[Date "2019.07.07"]
[Round "3.99"]
[White "Dos Santos, Fabio Alexandre"]
[Black "Da Rosa, Henrique Jaze Simoes"]
[Result "0-1"]
[WhiteElo "1821"]
[BlackElo "1633"]
[EventDate "2019.07.05"]
[PlyCount "90"]
[EventRounds "11"]
[EventCountry "BRA"]

1.d4 d5 2.c4 c6 3.Nf3 Nf6 4.Nbd2 e6 5.g3 Be7 6.Bg2 O-O 7.O-O Nbd7 8.Qc2 
Qc7 9.b3 b6 10.Bb2 Bb7 11.Rac1 Rac8 12.Rfd1 c5 13.cxd5 Bxd5 14.dxc5 Bxc5 
15.Qb1 Qb7 16.h3 Rfd8 17.Re1 Bb4 18.Rxc8 Rxc8 19.Rd1 Bc3 20.Nh4 Bxb2 21.
Bxd5 Qxd5 22.Nc4 Qb5 23.Nd6 Qxe2 24.Nxc8 Ne4 25.Rf1 Bd4 26.Qe1 Bxf2+ 27.
Qxf2 Nxf2 28.Rxf2 Qe3 29.Kg2 Ne5 30.Nd6 f6 31.Rc2 h6 32.Kh2 Qd3 33.Rc8+ 
Kh7 34.Nc4 Qe2+ 35.Kg1 Qe1+ 36.Kg2 Qe2+ 37.Kg1 Nd3 38.Ng2 Qf2+ 39.Kh1 Qxg3
40.Nce3 Nf2+ 41.Kg1 Nxh3+ 42.Kh1 Ng5 43.Nf1 Qf2 44.Nfe3 Nf3 45.Rc1 Qg3 0-1

[Event "XIV American Continental"]
[Site "Sao Paulo BRA"]
[Date "2019.07.07"]
[Round "3.100"]
[White "Japiassu, Glauco Antonio Bezerra"]
[Black "De Freitas, Julio Eimard"]
[Result "0-1"]
[WhiteElo "1526"]
[BlackElo "1799"]
[EventDate "2019.07.05"]
[PlyCount "89"]
[EventRounds "11"]
[EventCountry "BRA"]

1.d4 d5 2.Bf4 Nf6 3.e3 e6 4.Nf3 Bd6 5.Bg3 O-O 6.Bd3 c5 7.c3 Nc6 8.Nbd2 b6 
9.Bh4 cxd4 10.cxd4 Bb7 11.O-O Nb4 12.Bb1 Ba6 13.Re1 Nd3 14.Bxd3 Bxd3 15.
Ne5 Bg6 16.Bxf6 gxf6 17.Ng4 h5 18.h4 hxg4 19.Qxg4 f5 20.Qh3 Kg7 21.f4 Bb4 
22.Re2 Bxd2 23.Rxd2 Rh8 24.g3 Rc8 25.Qg2 Bh5 26.Rc2 Rxc2 27.Qxc2 Qc8 28.
Rc1 Qxc2 29.Rxc2 Rb8 30.Kf2 a5 31.Ke1 a4 32.a3 b5 33.Kd2 b4 34.axb4 Rxb4 
0-1

[Event "XIV American Continental"]
[Site "Sao Paulo BRA"]
[Date "2019.07.07"]
[Round "3.101"]
[White "Pereira Vera, Henry Alberto"]
[Black "De Oliveira, Francemir Barra"]
[Result "1-0"]
[WhiteElo "1790"]
[BlackElo "1600"]
[EventDate "2019.07.05"]
[PlyCount "23"]
[EventRounds "11"]
[EventCountry "BRA"]

1.b3 e5 2.Bb2 d6 3.e4 Be7 4.Nc3 c6 5.d4 Nd7 6.Nf3 Qc7 7.Bd3 Ngf6 8.Ne2 O-O
9.Ng3 g6 10.Qd2 Re8 11.h4 b5 12.h5 1-0

[Event "XIV American Continental"]
[Site "Sao Paulo BRA"]
[Date "2019.07.07"]
[Round "3.102"]
[White "Amaral, Danilo Tokechi"]
[Black "Dias, Joao Pedro da Cunha"]
[Result "1-0"]
[WhiteElo "1432"]
[BlackElo "1779"]
[EventDate "2019.07.05"]
[PlyCount "51"]
[EventRounds "11"]
[EventCountry "BRA"]

1.e4 e5 2.Nf3 Nc6 3.Bc4 Bc5 4.O-O Nf6 5.d4 exd4 6.e5 d5 7.exf6 dxc4 8.Re1+
Be6 9.Ng5 Kf8 10.fxg7+ Kxg7 11.Rxe6 h6 12.Rxc6 bxc6 13.Nxf7 Qf6 14.Nxh8 
Rxh8 15.Qg4+ Qg6 16.Qxg6+ Kxg6 17.Kf1 Rf8 18.Na3 d3 19.f3 Bxa3 20.bxa3 
dxc2 21.Be3 Rb8 22.Rc1 Rb2 23.Ke2 Rxa2 24.Bxa7 Rxa3 25.Bb8 Ra2 26.Bxc7 1-0

[Event "XIV American Continental"]
[Site "Sao Paulo BRA"]
[Date "2019.07.07"]
[Round "3.103"]
[White "Borensztajn, David"]
[Black "Pereira Filho, Hildebrando Apolonio"]
[Result "1/2-1/2"]
[WhiteElo "1777"]
[BlackElo "1573"]
[EventDate "2019.07.05"]
[PlyCount "94"]
[EventRounds "11"]
[EventCountry "BRA"]

1.d4 d5 2.Nf3 e6 3.Bf4 c5 4.c3 Nf6 5.e3 Nc6 6.Nbd2 cxd4 7.exd4 Bd6 8.Bg3 
Bxg3 9.hxg3 Bd7 10.Bd3 h6 11.Ne5 Qe7 12.Ndf3 Nxe5 13.Nxe5 Bc6 14.Qe2 Qc7 
15.f4 a6 16.a4 a5 17.O-O O-O 18.Qc2 Ne4 19.Bxe4 dxe4 20.Rfe1 f5 21.Kf2 Rf6
22.Rh1 Rc8 23.Ke3 Bd5 24.Rh5 Kf8 25.Rc1 Ke7 26.Qd1 Qb6 27.c4 Bc6 28.b3 Qb4
29.Rh4 Be8 30.Rh1 Kf8 31.c5 Bc6 32.Rc4 Qa3 33.Rc3 Qb2 34.Qd2 Qxd2+ 35.Kxd2
Bd5 36.Nd7+ Kf7 37.Ne5+ Kg8 38.Ke3 g5 39.Nd7 Rg6 40.Ne5 Rf6 41.fxg5 hxg5 
42.Rf1 Rc7 43.Rf2 Rh7 44.Ke2 Rh1 45.c6 bxc6 46.Nxc6 Bxc6 47.Rxc6 Rb1 
1/2-1/2

[Event "XIV American Continental"]
[Site "Sao Paulo BRA"]
[Date "2019.07.07"]
[Round "3.104"]
[White "Minelli, Fausto"]
[Black "Costa, Iaggo Bernini"]
[Result "1-0"]
[WhiteElo "1760"]
[BlackElo "1507"]
[EventDate "2019.07.05"]
[PlyCount "59"]
[EventRounds "11"]
[EventCountry "BRA"]

1.d4 Nf6 2.c4 g6 3.Nc3 d5 4.Nf3 Bg7 5.e3 O-O 6.Be2 Nc6 7.O-O Bf5 8.Qa4 a6 
9.b3 dxc4 10.bxc4 Nd7 11.Qa3 e5 12.d5 Ne7 13.e4 Bg4 14.Bg5 Re8 15.Rab1 
Bxf3 16.Bxf3 Rb8 17.c5 f6 18.Be3 c6 19.Rfd1 Kh8 20.Qc1 cxd5 21.exd5 f5 22.
Bg5 Qc8 23.Bxe7 Rxe7 24.c6 bxc6 25.Rxb8 Nxb8 26.dxc6 e4 27.Nd5 Re8 28.c7 
exf3 29.Nb6 Qe6 30.Rd8 1-0

[Event "XIV American Continental"]
[Site "Sao Paulo BRA"]
[Date "2019.07.07"]
[Round "3.105"]
[White "Machado, Wesley Henrique"]
[Black "Jenidarchiche, Douglas Rodrigo"]
[Result "0-1"]
[WhiteElo "1386"]
[BlackElo "1754"]
[EventDate "2019.07.05"]
[PlyCount "78"]
[EventRounds "11"]
[EventCountry "BRA"]

1.e4 c5 2.b3 Nc6 3.Bb2 e5 4.f4 d6 5.fxe5 Qh4+ 6.g3 Qxe4+ 7.Qe2 Qxh1 8.
exd6+ Be6 9.Nf3 O-O-O 10.Kf2 Nf6 11.Bxf6 gxf6 12.Nc3 Bg4 13.Re1 Qxf3+ 14.
Qxf3 Bxf3 15.Bh3+ Kb8 16.Kxf3 Bxd6 17.Ne4 Rhe8 18.Kf2 Be5 19.d3 Nb4 20.Re2
Bd4+ 21.Kf3 Nxa2 22.Bf5 Nc3 23.Nxc3 Bxc3 24.Re4 Rxe4 25.Bxe4 a5 26.Kg4 b5 
27.Bc6 a4 28.bxa4 bxa4 29.Bxa4 Rd4+ 30.Kh5 Rxa4 31.Kh6 Kc7 32.Kxh7 Kd6 33.
Kg7 Ke6 34.h4 Rg4+ 35.Kh7 Rxg3 36.h5 Ke7 37.h6 Rg6 38.d4 Bxd4 39.c4 Kf8 
0-1

[Event "XIV American Continental"]
[Site "Sao Paulo BRA"]
[Date "2019.07.07"]
[Round "3.106"]
[White "Arruda Filho, Ivo Pereira de"]
[Black "Reyes, Jesus"]
[Result "1-0"]
[WhiteElo "1744"]
[BlackElo "1354"]
[EventDate "2019.07.05"]
[PlyCount "71"]
[EventRounds "11"]
[EventCountry "BRA"]

1.Nf3 Nf6 2.d4 g6 3.g3 Bg7 4.Bg2 O-O 5.O-O d6 6.c4 Nc6 7.Nc3 Re8 8.e4 Bg4 
9.h3 Bxf3 10.Bxf3 e5 11.d5 Nd4 12.Bg2 Nd7 13.Be3 a5 14.f4 Nb8 15.fxe5 dxe5
16.Ne2 c5 17.Bd2 Nd7 18.Rb1 Nb6 19.b3 Nc8 20.Qe1 Nd6 21.Nxd4 exd4 22.Qf2 
b6 23.Rbe1 Ra7 24.Bf4 Be5 25.h4 Bxf4 26.Qxf4 a4 27.Bh3 axb3 28.axb3 Ra2 
29.e5 Nf5 30.Bxf5 gxf5 31.Qxf5 Ra7 32.Re4 Kh8 33.e6 fxe6 34.Rxe6 Rg8 35.
Qe5+ Rag7 36.Rf7 1-0

[Event "XIV American Continental"]
[Site "Sao Paulo BRA"]
[Date "2019.07.07"]
[Round "4.37"]
[White "Bouwman, Marcelo Wanderley"]
[Black "Manzi, Luiz Antonio Bardaro"]
[Result "1/2-1/2"]
[WhiteElo "2234"]
[BlackElo "2092"]
[EventDate "2019.07.05"]
[PlyCount "125"]
[EventRounds "11"]
[EventCountry "BRA"]

1.e4 e5 2.Nf3 Nc6 3.Nc3 Nf6 4.Bb5 d6 5.d4 exd4 6.Nxd4 Bd7 7.Bxc6 bxc6 8.
Qd3 Be7 9.Bf4 Nh5 10.Be3 O-O 11.O-O c5 12.Nde2 Bc6 13.Rad1 Re8 14.Bxc5 Qb8
15.Ba3 Nf6 16.Nd4 Bd7 17.Rfe1 Bf8 18.b3 a5 19.Bb2 a4 20.h3 axb3 21.axb3 
Qb7 22.Nf3 Bc6 23.Nd5 Nd7 24.Qc3 Ra2 25.Ba1 Bxd5 26.Rxd5 Rxe4 27.Rg5 Rxe1+
28.Nxe1 f6 29.Rg3 Ne5 30.f4 Qa7+ 31.Kh2 Rxa1 32.fxe5 Qa5 33.Qxa5 Rxa5 34.
exf6 d5 35.Rf3 Bd6+ 36.g3 g6 37.f7+ Kg7 38.Kg2 Ra8 39.Rd3 c6 40.c4 Ra2+ 
41.Kf3 Bb4 42.Ng2 dxc4 43.bxc4 Kxf7 44.Rd7+ Be7 45.Rc7 c5 46.Nf4 Ke8 47.
Nd5 Ra3+ 48.Ke4 Bd8 49.Rxh7 Rxg3 50.Ke5 Ba5 51.Ke6 Kf8 52.Rf7+ Ke8 53.Ra7 
Bd8 54.Ra8 Rd3 55.Rc8 g5 56.Rxc5 Rxh3 57.Nc7+ Bxc7 58.Rxc7 Kd8 59.Rg7 Rc3 
60.c5 Rd3 61.Ke5 g4 62.Rxg4 Kc7 63.Rd4 1/2-1/2

[Event "XIV American Continental"]
[Site "Sao Paulo BRA"]
[Date "2019.07.07"]
[Round "4.38"]
[White "Gasic Merino, Franco"]
[Black "Cordero Loup, Ely Daniela"]
[Result "0-1"]
[WhiteElo "2226"]
[BlackElo "2076"]
[EventDate "2019.07.05"]
[PlyCount "66"]
[EventRounds "11"]
[EventCountry "BRA"]

1.d4 e6 2.c4 f5 3.Nf3 Nf6 4.g3 d5 5.Nc3 c6 6.Bg2 Bd6 7.O-O O-O 8.Qc2 Ne4 
9.Rb1 Bd7 10.c5 Bc7 11.b4 a6 12.a4 Be8 13.Bf4 Bxf4 14.gxf4 Rf6 15.e3 Rh6 
16.Ne5 Nd7 17.Nxd7 Qh4 18.h3 Bxd7 19.Kh2 Rf8 20.Nxe4 fxe4 21.f3 e5 22.Qf2 
Qh5 23.h4 exd4 24.fxe4 dxe3 25.Qxe3 Qxh4+ 26.Kg1 Qh2+ 27.Kf2 Rg6 28.Rg1 
Rxf4+ 29.Ke1 Rxe4 30.Bxe4 Rxg1+ 31.Qxg1 Qxg1+ 32.Ke2 Qh2+ 33.Ke3 dxe4 0-1

[Event "XIV American Continental"]
[Site "Sao Paulo BRA"]
[Date "2019.07.07"]
[Round "4.39"]
[White "Markzon, Gregory"]
[Black "Pereira, Silvio Cunha"]
[Result "0-1"]
[WhiteElo "2059"]
[BlackElo "2220"]
[EventDate "2019.07.05"]
[PlyCount "82"]
[EventRounds "11"]
[EventCountry "BRA"]

1.d4 f5 2.Nf3 g6 3.e3 Bg7 4.c4 d6 5.Nc3 c6 6.Be2 Nh6 7.O-O O-O 8.b3 Na6 9.
Ba3 Qc7 10.Qc2 f4 11.e4 Nf7 12.Rad1 Qd7 13.Bb2 Qg4 14.c5 Qh5 15.cxd6 exd6 
16.Ne5 Qg5 17.Nxf7 Rxf7 18.Bf3 Bd7 19.Ba3 Bf8 20.Rfe1 Re8 21.Kh1 Qh4 22.e5
d5 23.Bxf8 Rfxf8 24.Kg1 g5 25.g3 Qh3 26.Bg2 Qh5 27.f3 g4 28.fxg4 Bxg4 29.
Rd2 f3 30.Bf1 Nc7 0-1

[Event "XIV American Continental"]
[Site "Sao Paulo BRA"]
[Date "2019.07.07"]
[Round "4.40"]
[White "Dos Reis, Leandro Aparecido C."]
[Black "Fernandez, Maria Florencia"]
[Result "0-1"]
[WhiteElo "1990"]
[BlackElo "2220"]
[EventDate "2019.07.05"]
[PlyCount "126"]
[EventRounds "11"]
[EventCountry "BRA"]

1.d4 Nf6 2.c4 g6 3.Nc3 Bg7 4.e4 d6 5.Be2 O-O 6.Nf3 c5 7.O-O cxd4 8.Nxd4 
Nc6 9.Nc2 Be6 10.Bd2 Rc8 11.Rc1 a5 12.b3 a4 13.Ne3 axb3 14.axb3 Nd4 15.Bd3
Nd7 16.Ne2 Ra8 17.Nxd4 Bxd4 18.Nc2 Bg7 19.Be3 Nc5 20.Nd4 Bd7 21.Bc2 Qa5 
22.Bd2 Qb6 23.Be3 Ra2 24.Rb1 Qb4 25.Bd2 Qa3 26.Bc1 Qa7 27.Be3 Qa6 28.b4 
Na4 29.Bb3 Nc3 30.Qd3 Nxb1 31.Qxb1 Ra3 32.Nc2 Rxb3 33.Qxb3 Ba4 34.Qd3 Rc8 
35.Na3 Bb2 36.Nb5 Qc6 37.Na3 Bxa3 38.Qxa3 Bc2 39.c5 Bxe4 40.f3 Bf5 41.cxd6
Qxd6 42.Bc5 Qd7 43.Qe3 Be6 44.Re1 Ra8 45.Qg5 Re8 46.Qc1 Bd5 47.Qd2 e6 48.
Qf4 h5 49.Bd4 Kh7 50.Qf6 Rg8 51.Ra1 e5 52.Qxe5 Qe6 53.Qg5 Re8 54.Bf2 Qe5 
55.Qc1 Rc8 56.Qa3 Rc2 57.Re1 Qf4 58.Qa1 Qxb4 59.Re8 Rb2 60.Be1 Qc5+ 61.Kh1
Qc2 62.Qxb2 Qxb2 63.h4 Bc4 0-1

[Event "XIV American Continental"]
[Site "Sao Paulo BRA"]
[Date "2019.07.07"]
[Round "4.41"]
[White "Zimmermann, Kleber Renato Pereira"]
[Black "Terao, Juliana Sayumi"]
[Result "0-1"]
[WhiteElo "1950"]
[BlackElo "2213"]
[EventDate "2019.07.05"]
[PlyCount "88"]
[EventRounds "11"]
[EventCountry "BRA"]

1.d4 Nf6 2.c4 g6 3.Nc3 d5 4.Nf3 Bg7 5.Bg5 Ne4 6.cxd5 Nxg5 7.Nxg5 e6 8.Nf3 
exd5 9.e3 a5 10.Be2 O-O 11.O-O c6 12.a3 Qd6 13.Rb1 Bf5 14.Bd3 Bxd3 15.Qxd3
Nd7 16.b4 axb4 17.axb4 b5 18.Rb3 Nb6 19.Rc1 Rfe8 20.Qc2 f5 21.Ne2 Nc4 22.
g3 Ra4 23.Qc3 Bf8 24.Rcb1 Rea8 25.Nf4 Ra2 26.Nd3 Be7 27.Nc1 R2a4 28.h4 Bf6
29.Kg2 Qe7 30.Nd3 Ra2 31.Nc1 R2a7 32.Nd3 Qe4 33.Nc5 Qg4 34.Rc1 Ra2 35.Rc2 
Ra1 36.Rc1 R1a3 37.Qd3 Be7 38.Rxa3 Rxa3 39.Rc3 Ra1 40.Nb3 Ra4 41.Na5 Bxb4 
42.Nxc6 Bxc3 43.Qxc3 Qe4 44.Ne5 Qb1 0-1

[Event "XIV American Continental"]
[Site "Sao Paulo BRA"]
[Date "2019.07.07"]
[Round "4.42"]
[White "Guimaraes, Wagner Peixoto"]
[Black "Urquiza, Marcello de Albuquerque"]
[Result "1/2-1/2"]
[WhiteElo "2206"]
[BlackElo "2043"]
[EventDate "2019.07.05"]
[PlyCount "167"]
[EventRounds "11"]
[EventCountry "BRA"]

1.Nf3 Nf6 2.d4 d5 3.c4 dxc4 4.e3 e6 5.Bxc4 c5 6.O-O a6 7.dxc5 Bxc5 8.Qxd8+
Kxd8 9.b3 b5 10.Be2 Bb7 11.Bb2 Nbd7 12.Nbd2 Ke7 13.a4 bxa4 14.Rxa4 Nb6 15.
Raa1 Rhd8 16.Rfc1 Bb4 17.Nc4 Nxc4 18.Rxc4 a5 19.Rc7+ Rd7 20.Rac1 Bd6 21.
Rxd7+ Kxd7 22.Ne5+ Ke7 23.Nc4 Bd5 24.Nb6 Rb8 25.Bxf6+ Kxf6 26.Nd7+ Ke7 27.
Nxb8 Bxb8 28.Rc5 Bd6 29.Rxa5 Bxb3 30.f4 Kf6 31.g4 h6 32.h4 Bc2 33.Kf2 g6 
34.Ra6 Be7 35.Ra7 Bd6 36.g5+ hxg5 37.hxg5+ Kg7 38.Rd7 Bf8 39.Bc4 Kg8 40.
Bd3 Bb3 41.e4 Kg7 42.Rb7 Bc5+ 43.Ke2 Ba4 44.Bb5 Bxb5+ 45.Rxb5 Bg1 46.Rb1 
Bc5 47.Kf3 Bd4 48.Rb7 Kf8 49.Kg4 Be3 50.Rb3 Bd4 51.Rb8+ Ke7 52.Rb7+ Kf8 
53.f5 exf5+ 54.exf5 gxf5+ 55.Kxf5 Be3 56.Kg4 Bd4 57.Kh5 Bc3 58.Kh6 Bd2 59.
Rb8+ Ke7 60.Kh5 Be3 61.Rb7+ Ke6 62.Kg4 Bd4 63.Rb8 Ke7 64.Kf5 Bc3 65.Rb3 
Ba1 66.Rf3 Bb2 67.Re3+ Kf8 68.Rb3 Ba1 69.Rb7 Bc3 70.Rd7 Bg7 71.Rd2 Bc3 72.
Rc2 Ba1 73.Kg4 Bd4 74.Kh5 Bg7 75.g6 fxg6+ 76.Kxg6 Bd4 77.Rd2 Bc3 78.Rd3 
Bb2 79.Rb3 Bd4 80.Rb7 Ke8 81.Kf5 Kd8 82.Ke4 Kc8 83.Rb4 Ba7 84.Kd5 1/2-1/2

[Event "XIV American Continental"]
[Site "Sao Paulo BRA"]
[Date "2019.07.07"]
[Round "4.43"]
[White "Bil Ramos, Angelo"]
[Black "Albuquerque Junior, Wellington S."]
[Result "0-1"]
[WhiteElo "1937"]
[BlackElo "2204"]
[EventDate "2019.07.05"]
[PlyCount "112"]
[EventRounds "11"]
[EventCountry "BRA"]

1.e4 d6 2.d4 Nf6 3.Nc3 e5 4.dxe5 dxe5 5.Qxd8+ Kxd8 6.Bg5 Be6 7.O-O-O+ Ke8 
8.f3 Nbd7 9.g3 Bc5 10.Kb1 h6 11.Bc1 c6 12.b3 b5 13.Bb2 a5 14.a4 b4 15.Nce2
Ke7 16.Nc1 Rhd8 17.Bh3 Bxh3 18.Nxh3 Re8 19.Ne2 Rad8 20.Rhf1 Nb6 21.Rxd8 
Kxd8 22.Nf2 Kc7 23.Nd3 Bd6 24.Bc1 c5 25.Be3 Nfd7 26.Nb2 Kc6 27.Rd1 Nf8 28.
c3 Ne6 29.cxb4 axb4 30.Rc1 Kb7 31.Nc4 Nxc4 32.Rxc4 Rf8 33.f4 exf4 34.gxf4 
f5 35.Kc2 g5 36.exf5 Rxf5 37.Ng3 Rd5 38.fxg5 hxg5 39.Ne4 Be7 40.h3 Kc6 41.
Ng3 Bd6 42.Rg4 Bf4 43.Bxf4 gxf4 44.Rg6 fxg3 45.Rxe6+ Rd6 46.Re2 Rh6 47.Rg2
Rxh3 48.Kd3 Kd5 49.a5 Kc6 50.Ke4 Kb5 51.Kf4 Kxa5 52.Kg4 Rh2 53.Rxg3 Rc2 
54.Kf4 Rc3 55.Rg5 Kb5 56.Ke4 Rxb3 0-1

[Event "XIV American Continental"]
[Site "Sao Paulo BRA"]
[Date "2019.07.07"]
[Round "4.44"]
[White "Gauche, Charles"]
[Black "Nascimento, Pedro Henrique Alves"]
[Result "1/2-1/2"]
[WhiteElo "2200"]
[BlackElo "1992"]
[EventDate "2019.07.05"]
[PlyCount "135"]
[EventRounds "11"]
[EventCountry "BRA"]

1.e4 e6 2.d4 d5 3.Nd2 c5 4.exd5 Qxd5 5.Ngf3 cxd4 6.Bc4 Qd6 7.O-O Nf6 8.Nb3
Qc7 9.Bb5+ Bd7 10.Nbxd4 Be7 11.c3 O-O 12.Qe2 Bxb5 13.Nxb5 Qb6 14.c4 a6 15.
Nc3 Nc6 16.b3 Nd4 17.Nxd4 Qxd4 18.Bb2 Qf4 19.g3 Qg4 20.Qxg4 Nxg4 21.Kg2 
Bf6 22.h3 Nh6 23.g4 Rfd8 24.Rad1 Bxc3 25.Bxc3 Kf8 26.Ba5 Rxd1 27.Rxd1 Ke8 
28.Rd6 Ng8 29.Rb6 Rb8 30.Bc3 Nf6 31.g5 Nd7 32.Rd6 g6 33.Rd4 Rd8 34.Kf3 
Ne5+ 35.Ke4 Rxd4+ 36.Bxd4 Nc6 37.Bc5 Kd7 38.h4 Kc7 39.b4 b5 40.cxb5 axb5 
41.a3 Kd7 42.Bf8 Ke8 43.Bc5 Kd7 44.f3 Kc7 45.f4 Kd7 46.Bf8 Ke8 47.Bg7 Kd7 
48.Bf8 Ke8 49.Bg7 Kd7 50.Bf6 Kd6 51.Bc3 Kd7 52.Kd3 Kd6 53.a4 bxa4 54.b5 
Nd8 55.Kc4 Nb7 56.Be5+ Kd7 57.Kb4 Kc8 58.Kxa4 Nc5+ 59.Kb4 Ne4 60.Kc4 Kb7 
61.Bd4 Nd6+ 62.Kb4 Nf5 63.Bf2 h6 64.Bc5 hxg5 65.hxg5 Ng3 66.Be3 f6 67.Kc5 
fxg5 68.fxg5 1/2-1/2